000
00335nam a2200145Ia 4500
008
230718s9999 xx 000 0 und d
041
_a
Eng.
082
_a
658.3
_b
DES-H
100
_a
Desla Gay
245
0
_a
Human resauce manejone
260
_a
Pakistan
_b
Exford amiruaty Ples
_c
1995
300
_a
725
650
_a
Law
999
_c
26541
_d
26541